02179nam a22004697a 4500001001000000003000500010005001700015008004100032010001100073011001100084035001100095040000900106090001000115100004500125245029800170260004100468500006000509502008300569590003700652590004100689590004100730590004100771590004100812590004100853590004200894590004100936650003300977650003001010650003701040650003101077650002301108700003501131856006401166901000701230942000901237942000601246949006901252949007401321999001901395952015001414952014501564000106084CHAP20220329143832.0111117s2011 mx r 00010 spa d a102546 a103518 a114207 cCHAP aTesis1 aMontesinos Cruz, Josefina Azucena97791310aEstudio de factibilidad tecnico económico para la instalación de un beneficio de café y una planta productora de hongos comestibles derivada de los subproductos del café en el Municipio de Cintalapa, Chiapash[En línea]c/por Josefina Azucena Montesinos Cruz y Giovanni Ruiz Herrera. aChapingo, Méx. :bEl autor,c2011. aPara ver el contenido del material haga clic en la liga aTesis (Ing. Agroindustrial) -- UACH. Departamento de Ingenieria Agroindustrial aALEPHb10c20130110lUCH01h1543 aBATCH-UPDb10c20130110lUCH01h0854 aBATCH-UPDb10c20130410lUCH01h0525 aBATCH-UPDb10c20130914lUCH01h0812 aBATCH-UPDb10c20140324lUCH01h1528 aBATCH-UPDb10c20141002lUCH01h0851 aCONVERSIONb10c20130109lUCH01h1356 aE11695DGDb10c20141006lUCH01h113414aCaféxSubproductos.91720314aEmpresasxChiapas.93663814aEstudios de factibilidad.93852014aHongos comestibles.95612414aSustratos.91107891 aRuiz Herrera, Giovanni9100703 3Finding aiduhttp://10.13.5.2/tesis/114207.pdfzTeclea aqui aBK cFOLL n0 aTesisbBCcTESd33724002313132eTS1gDonaciØnh53033i114207st aTesisbBCcTESd33724002313173eTS2fc.2gDonaciØnh53034i114207st c102546d102546 00102local4053708TESISaBCbBCcPA_TESISd2019-12-31eDonacionfTESISl0oTesisp33724002313173r2019-12-31 00:00:00tc.2w2019-12-31yTESIS 00102local4051708TESISaBCbBCcPA_TESISd2019-12-31eDonacionfTESISl0oTesisp33724002313132r2019-12-31 00:00:00w2019-12-31yTESIS